Responses for Show #5324 - Thursday, November 1, 2007

Paul Glaser game 5.

Contestants

[<< previous game]

Walter Evans, a park ranger from Boston, Massachusetts

Tara Pearson, a director of human resources from Safety Harbor, Florida

Paul Glaser, a research scientist from Albany, New York (whose 4-day cash winnings total $89,202)

[next game >>]

Jeopardy! Round responses

FISH & SHIPS
JOHNNY GILBERT, ROCK GOD
(Alex: We want you to identify the artist or band who had the original hit.)
"L" ON EARTH
9-LETTER WORDS
MONROE
DOCTORIN'
    $200 16
eel

Walter
    $200 11
(Alex: Yeah, it sounded a lot like them, didn't it? Uhhh... go again.)

the Bee Gees

Paul
    $200 21
Las Vegas

Paul
    $200 6
terrarium

Tara
    $200 26
Dick & Jane

Walter
    $200 1
ticks

Paul
    $400 17
flying fish

Paul
    $400 12
Queen

Walter
    $400 22
(Tara: What is Ellis Island?)

Long Island

PaulTara
    $400 7
hurricane

Paul
    $400 27
Marilyn Monroe

Walter
    $400 2
sinuses

Walter
    $600 18
Nina & Pinta

Paul
    $600 13
Van Halen

Walter
    $600 23
Limerick

Paul
    $600 8
jackknife

Paul
    $600 28
The Star-Spangled Banner

Paul
    $600 3
arteries

Walter
    $800 19
an angel fish

Paul
    $800 14
(Alex: Yeah, he sure doesn't look like her. He may feel like her but he doesn't look like her!)

Shania Twain

Walter
    $800 24
Lithuania & Latvia

Walter
    $800 9
watermark

Paul
    $800 29
baritone

Paul
    $800 4
bone marrow

Paul
    $1000 20
Cleopatra's barge

Triple Stumper
    $1000 15
(Alex: Well done, and thanks Johnny! Oh boy... Johnny Gilbert's cover album on all of these performances will be released... in a while.)

Guns N' Roses

Walter
    $1000 25
Libya

Paul
    $1000 10
ectoplasm

Tara
    $1000 30
Poetry

Triple Stumper
    $1,000 5
glaucoma

Paul

Scores at the first commercial break (after clue 15):

Paul Tara Walter
$4,000 $1,200 $3,800

Scores at the end of the Jeopardy! Round:

Paul Tara Walter
$9,400 $800 $5,400

Double Jeopardy! Round responses

MATH
THE HOUSE OF BURGESS MEREDITH
WORDS AGAINST WAR
STATE YOUR NAME
HE WAS PRESIDENT WHEN...
MIND YOUR "P"s & "Q"s
(Alex: ...each response will contain each of those letters.)
    $400 11
a triangle

Tara
    $400 1
the Penguin

Paul
    $400 6
All Quiet on the Western Front

Walter
    $400 24
(Tara: Who is Terry Bradshaw?)

Joe Montana

Tara
Triple Stumper
    $400 12
Ronald Reagan

Walter
    $400 21
plaque

Paul
    $800 17
polygon

Paul
    $800 2
Rocky

Paul
    $800 7
Johnny Got His Gun

Paul
    $1,200 25
Baked Alaska

Tara
    $800 13
William McKinley

Paul
    $800 22
(Tara: What is a pun?)

quip

TaraWalter
    $1200 18
(Walter: What is complementary?)

supplementary

Walter
Triple Stumper
    $1200 3
The Twilight Zone

Tara
    $1200 8
The Tin Drum

Walter
    $1200 26
Tennessee Williams

Triple Stumper
    $1200 14
(Tara: Who is Johnson?)

Gerald Ford

TaraWalter
    $1200 23
quintuple

Tara
    $1600 19
an axiom

Triple Stumper
    $1600 4
Grumpy Old Men

Walter
    $1600 9
Lysistrata

Paul
    $1600 27
Georgia O'Keeffe

Walter
    $5,200 15
(Walter: Who was Woodrow Wilson?)

John Adams

Walter
    $1600 29
pique

Paul
    $2000 20
transitive

Paul
    $2000 5
Ernie Pyle

Walter
    $2000 10
(Walter: Who is O. Henry?)

Mark Twain

Walter
Triple Stumper
    $2000 28
The Texas Chainsaw Massacre

Walter
    $2000 16
(Walter: Who is Eisenhower?)

John F. Kennedy

PaulWalter
    $2000 30
Pequod

Paul

Scores at the end of the Double Jeopardy! Round:

Paul Tara Walter
$22,600 $2,400 $6,200
(lock game)

[wagering suggestions for these scores]

Final Jeopardy! Round responses

MUSICAL THEATER
TaraWho is Heyward Webber
$2,400
WalterWho is Bacharach?
$1,400
PaulWho is Sondheim?
$10,000
Stephen Sondheim

Final scores:

Paul Tara Walter
$32,600 $0 $4,800
5-day champion: $121,802 3rd place: $1,000 2nd place: $2,000

Game dynamics:

Coryat scores:

Paul Tara Walter
$22,600 $2,000 $11,400
27 R
(including 1 DD),
0 W
6 R
(including 1 DD),
4 W
19 R,
4 W
(including 1 DD)

Combined Coryat: $36,000

[game clues] [game scores] [suggest correction]

Game tape date: 2007-08-13
The J! Archive is created by fans, for fans. Scraping, republication, monetization, and malicious use prohibited; this site may use cookies and collect identifying information. See terms. The Jeopardy! game show and all elements thereof, including but not limited to copyright and trademark thereto, are the property of Jeopardy Productions, Inc. and are protected under law. This website is not affiliated with, sponsored by, or operated by Jeopardy Productions, Inc. Join the discussion at JBoard.tv.